000 00220nam a22000857a 4500
008 170130b xxu||||| |||| 00| 0 eng d
100 _92634
_aChatterjee.P.K
245 _aWork Book Gold mani-III
260 _aNew Dehil
_bJBI
_c2011
999 _c5778
_d5778